Giáo trình thực tập nghiên cứu thiên nhiên

DL101

Đã lưu trong:
书目详细资料
主要作者: Nguyễn, Văn Khang
其他作者: Nguyễn, Thị Hạnh
格式: 图书
语言:Undetermined
出版: H. ĐHSP 2007
主题:
在线阅读:http://lrc.tdmu.edu.vn/opac/search/detail.asp?aID=2&ID=5709
标签: 添加标签
没有标签, 成为第一个标记此记录!
Thư viện lưu trữ: Trung tâm Học liệu Trường Đại học Thủ Dầu Một
LEADER 00713nam a2200217Ia 4500
001 TDMU_5709
008 210410s9999 xx 000 0 und d
082 |a 508 
090 |b NG525 
100 |a Nguyễn, Văn Khang 
245 0 |a Giáo trình thực tập nghiên cứu thiên nhiên 
245 0 |c Nguyễn Văn Khang 
260 |a H. 
260 |b ĐHSP 
260 |c 2007 
300 |a 195tr. 
520 |a DL101  |d Thực địa 1 
650 |a Sinh thái  |x Nghiên cứu; Lịch sử tự nhiên 
700 |a Nguyễn, Thị Hạnh 
856 |u http://lrc.tdmu.edu.vn/opac/search/detail.asp?aID=2&ID=5709 
980 |a Trung tâm Học liệu Trường Đại học Thủ Dầu Một